Govt. of
Madhya Pradesh

Casino Royale (Record no. 68631)

MARC details
000 -LEADER
fixed length control field 00227nam a22001097a 4500
082 ## - DEWEY DECIMAL CLASSIFICATION NUMBER
Classification number 823/FLE
100 ## - MAIN ENTRY--AUTHOR NAME
Personal name Flemng,Ian
245 ## - TITLE STATEMENT
Title Casino Royale
260 ## - PUBLICATION, DISTRIBUTION, ETC. (IMPRINT)
Place of publication India
Name of publisher Fingerprint
Year of publication 2025
650 ## - SUBJECT ADDED ENTRY--TOPICAL TERM
Topical Term Fiction
942 ## - ADDED ENTRY ELEMENTS (KOHA)
Koha item type Books
Holdings
Withdrawn status Lost status Damaged status Not for loan Home library Current library Date acquired Cost, normal purchase price Full call number Accession Number Price effective from Koha item type
        MACL MACL 21/02/2026 199.00 823/FLE DPI004155 21/02/2026 Books